Revised regulations on standards of safe nursing practice / (Record no. 20859)
[ view plain ]
| 000 -LEADER | |
|---|---|
| fixed length control field | 00498nam a2200169 a 4500 |
| 005 - DATE AND TIME OF LATEST TRANSACTION | |
| control field | 20140310183256.0 |
| 008 - FIXED-LENGTH DATA ELEMENTS--GENERAL INFORMATION | |
| fixed length control field | 041005s19uu xx 00 eng d |
| 050 ## - LIBRARY OF CONGRESS CALL NUMBER | |
| Classification number | RT 85.5 |
| Item number | .N793 1999 |
| 100 ## - MAIN ENTRY--PERSONAL NAME | |
| Personal name | Nolledo, Jose. |
| 245 ## - TITLE STATEMENT | |
| Title | Revised regulations on standards of safe nursing practice / |
| Remainder of title | Jose Nolledo. |
| 260 ## - PUBLICATION, DISTRIBUTION, ETC. (IMPRINT) | |
| Name of publisher, distributor, etc | Philippine Geographic Arts: |
| Date of publication, distribution, etc | 1999. |
| 300 ## - PHYSICAL DESCRIPTION | |
| Extent | 56 p. : |
| Dimensions | 25 cm. |
| 650 ## - SUBJECT ADDED ENTRY--TOPICAL TERM | |
| Topical term or geographic name as entry element | Philippine Geographic Arts. |
| 942 ## - ADDED ENTRY ELEMENTS (KOHA) | |
| Koha item type | Books |
| Source of classification or shelving scheme | Library of Congress Classification |
| Call number prefix | Local |
| Withdrawn status | Lost status | Source of classification or shelving scheme | Damaged status | Home library | Current library | Shelving location | Date acquired | Total Checkouts | Full call number | Barcode | Date last seen | Copy number | Price effective from | Koha item type |
|---|---|---|---|---|---|---|---|---|---|---|---|---|---|---|
| Library of Congress Classification | College Library | College Library | Filipiniana Section | 10/05/2004 | RT 85.5 .N793 1999 | C5571 | 05/08/2018 | 1 | 03/10/2014 | Books | ||||
| Library of Congress Classification | College Library | College Library | General Circulation Section | 01/13/2014 | RT 85.5 .N793 1999 | C5570 | 05/15/2018 | 2 | 01/13/2014 | Books |